00942cam a2200241 a 450000100100000000500170001000800410002702000150006804000250008304100130010808200180012110000360013924500780017524601060025326000390035930000230039853400430042165000310046465000350049570000340053095201210056499900150068500000377620200929150550.0920625s1993 sp 001 f spa  a8401325331 aDO-SdBNPbspacBNPHU17aspaheng a813.54bP317h1 aPatterson, James,d1947-91149113aLa hora de la araña /cJames Patterson ; traducción, D. N. Bentolila.14aLa hora de la araña: 1976: carrie...1990: el silencio de los corderos...1993: la hora de la araña aBarcelona :bPlaza & Janes,c1993. a[343] p. ;c22 cm. aTítulo original: Along came a spider 4aNovela estadounidense9262 4aLiteratura estadounidense92631 aBentolila, D. N.,etr.911492 001052708MOaGRbGRcHDd2009-07-13iLF1l0o813.54 P317hp3776-10r2020-06-25w2020-06-25y2ZPréstamo interno c3598d3598